Римское частное право (Запись № 1393728)

Подробности
000 -МАРКЕР
контрольное поле 01820nam0a2200373 4500
001 - ИДЕНТИФИКАТОР ЗАПИСИ
контрольное поле RU\NLR\bibl\1739119
005 - ИДЕНТИФИКАТОР ВЕРСИИ
контрольное поле 20260406090412.0
010 ## - МЕЖДУНАРОДНЫЙ СТАНДАРТНЫЙ НОМЕР КНИГИ (ISBN)
Номер (ISBN) 978-5-9916-1236-4
Тираж 1500
021 ## - НОМЕР ГОСУДАРСТВЕННОЙ РЕГИСТРАЦИИ
Код страны Российская Федерация
Номер 2011-6495
Номер Листа государственной регистраци 451
035 ## - ДРУГИЕ СИСТЕМНЫЕ НОМЕРА
Идентификатор записи (NLR Aleph) 001730044
100 ## - ДАННЫЕ ОБЩЕЙ ОБРАБОТКИ
Данные общей обработки 20110224d2011 |||y0rusy50 ca
101 0# - ЯЗЫК РЕСУРСА
Язык текста, звукозаписи и т.д. русский
102 ## - СТРАНА ПУБЛИКАЦИИ ИЛИ ПРОИЗВОДСТВА
Страна публикации Российская Федерация
105 ## - ПОЛЕ КОДИРОВАННЫХ ДАННЫХ: ТЕКСТОВЫЕ МАТЕРИАЛЫ, МОНОГРАФИЧЕСКИЕ
Кодированные данные о монографическом текстовом документе y |||||||||
200 1# - ЗАГЛАВИЕ И СВЕДЕНИЯ ОБ ОТВЕТСТВЕННОСТИ
Основное заглавие Римское частное право
Сведения, относящиеся к заглавию учебник
-- для юридических высших учебных заведений
Первые сведения об ответственности [Перетерский И.С., Краснокутский В.А., проф., Флейшиц Е.А., проф. и др.]
Последующие сведения об ответственности под ред. профессоров И.Б. Новицкого, И.С. Перетерского
210 ## - ПУБЛИКАЦИЯ, РАСПРОСТРАНЕНИЕ И ДР.
Место издания, распространения и т.д. Москва
Имя издателя, распространителя и т. д. Юрайт
Дата издания, распространения и т.д. 2011
215 ## - ФИЗИЧЕСКАЯ ХАРАКТЕРИСТИКА
Специфическое обозначение материала и объем 607 с.
Размеры 21
225 1# - СЕРИЯ
Основное заглавие серии Министерство образования и науки РФ рекомендует
225 1# - СЕРИЯ
Основное заглавие серии Учебник
225 1# - СЕРИЯ
Основное заглавие серии Основы наук
300 ## - ОБЩИЕ ПРИМЕЧАНИЯ
Текст примечания Авт. указаны на обороте тит. л.
606 1# - НАИМЕНОВАНИЕ ТЕМЫ КАК ПРЕДМЕТ
Наименование темы Римское частное право
Формальный подзаголовок Учебники для высших учебных заведений
Системный номер авторитетной/нормативной записи 2098447
Идентификатор авторитетной/нормативной записи RU\NLR\auth\661269422
686 ## - ИНДЕКСЫ ДРУГИХ КЛАССИФИКАЦИЙ
Индекс Х2(0)323-62я73
701 #1 - ИМЯ ЛИЦА - АЛЬТЕРНАТИВНАЯ ОТВЕТСТВЕННОСТЬ
Код отношения Автор
Материалы, к которым относится поле rus
Графика поля Кириллица
Начальный элемент ввода Перетерский
Часть имени, кроме начального элемента ввода И. С.
Даты 1889-1956
Расширение инициалов личного имени Иван Сергеевич
Идентификатор авторитетной/нормативной записи RU\NLR\auth\776556
Системный номер авторитетной/нормативной записи 116507
701 #1 - ИМЯ ЛИЦА - АЛЬТЕРНАТИВНАЯ ОТВЕТСТВЕННОСТЬ
Код отношения Редактор
-- Автор введения, предисловия, примечания и т.п.
Графика поля Кириллица
Материалы, к которым относится поле rus
Начальный элемент ввода Краснокутский
Часть имени, кроме начального элемента ввода В. А.
Даты 1873-
Расширение инициалов личного имени Василий Александрович
Идентификатор авторитетной/нормативной записи RU\NLR\AUTH\770280948
Системный номер авторитетной/нормативной записи 2652915
701 #1 - ИМЯ ЛИЦА - АЛЬТЕРНАТИВНАЯ ОТВЕТСТВЕННОСТЬ
Начальный элемент ввода Флейшиц
Часть имени, кроме начального элемента ввода Е. А.
Код отношения Автор
702 #1 - ИМЯ ЛИЦА - ВТОРИЧНАЯ ОТВЕТСТВЕННОСТЬ
Начальный элемент ввода Новицкий
Часть имени, кроме начального элемента ввода И. Б.
Даты 1880-1958
Расширение инициалов личного имени Иван Борисович
Код отношения Редактор
801 #0 - ИСТОЧНИК ЗАПИСИ
Страна Российская Федерация
Организация NLR
Дата составления 20110224
Правила каталогизации RCR
801 #1 - ИСТОЧНИК ЗАПИСИ
Страна Российская Федерация
Организация NLR
Дата составления 20110224
942 ## - ДОПОЛНИТЕЛЬНЫЕ ЭЛЕМЕНТЫ ЗАПИСИ (АБИС)
Тип экземпляра АБИС Книга
980 ## - КОЛЛЕКЦИЯ
Название коллекции Национальная библиография
980 ## - КОЛЛЕКЦИЯ
Название коллекции НБР
Экземпляры
Тип экземпляра Дата поступления Источник поступления Библиотека постоянного хранения Библиотека текущего хранения Место хранения Шифр хранения Штрих-код Статус экземпляра Стоимость
Книга 24.02.2011 Обязательный экземпляр РНБ (Московский) РНБ (Московский) Русский книжный фонд: издания с 1957 года 2011-3/6021 1-980194    
Книга 24.02.2011 Обязательный экземпляр РНБ (Московский) РНБ (Московский) Фонд общего зала социально-экономической литературы С1 Х2(0)3/Р-515 1-532778   0.00